English Words to Know: J, K, Q, Y, & Z - Statistics

General Stats
  • This quiz has been taken 38 times
  • The average score is 27 of 64
Answer Stats
Answer % Correct
you
93%
your
89%
just
81%
yes
81%
quit
78%
yell
74%
know
70%
quite
70%
kill
67%
young
67%
joke
63%
jump
63%
quick
63%
quiet
63%
year
63%
yellow
63%
king
59%
youth
59%
join
56%
yours
56%
joy
52%
kid
52%
keep
48%
kind
48%
knee
48%
yet
48%
justice
44%
kiss
44%
quarter
44%
jet
41%
kick
41%
question
41%
quality
37%
yeah
37%
yesterday
37%
job
33%
judge
33%
juice
33%
jury
33%
yard
33%
jail
30%
joint
30%
key
30%
killing
30%
knife
30%
knowledge
30%
quickly
30%
yourself
30%
justify
26%
killer
26%
knock
26%
quote
26%
zone
26%
jacket
19%
kitchen
19%
qualify
19%
quietly
19%
journal
11%
journey
11%
judgment
11%
junior
11%
yield
11%
journalist
4%
quarterback
0%
No matching quizzes found
Score Distribution
Percent of People with Each Score
Percentile by Number Answered
Your Score History
You have not taken this quiz